000 00740nam a2200289Ia 4500
005 20260324141204.0
008 008 260324s9999 xx 000 0 eng d
020 _a9781315863696
037 _aEBOOK
040 _aCRL
040 _beng
040 _cCRL
041 _2eng
041 _aeng
084 _qCRL
100 _aWilliam Winston; Larry Percy
_91207261
245 0 _aMarketing Research That Pays Off
245 0 _bCase Histories of Marketing Research Leading to Success in the Marketplace
260 _bTaylor and Francis
260 _c1997
365 _a
365 _b230
856 _uhttp://www.taylorfrancis.com/books/9781315863696
942 _cEBOOK
999 _c1810073
_d1810073